| 000 | 00512nam a22001937a 4500 | ||
|---|---|---|---|
| 003 | LK-CoDNM | ||
| 005 | 20250109151403.0 | ||
| 008 | 250109b |||||||| |||| 00| 0 eng d | ||
| 040 |
_aLK-CoDNM _dLK-CoDNM _eLK-CoDNM |
||
| 041 | _aeng | ||
| 080 |
_a5 _bF23 |
||
| 100 | _aBristowe, william bristowe m.a | ||
| 245 |
_aThe comity of spiders _bThe ray society |
||
| 260 |
_alondon _bprinted for the society _c1941 |
||
| 300 | _a560p. : ILL ; 28 CM | ||
| 490 | _vvol ii | ||
| 650 | _ascience | ||
| 942 | _cBK | ||
| 999 |
_c235801 _d235801 |
||